| 000 | 00704nam a2200217Ii 4500 | ||
|---|---|---|---|
| 003 | JO-AjNU | ||
| 008 | 230605s9999||||xx |||||||||||||| ||und|| | ||
| 017 | _a2008/15505 | ||
| 020 | _a978-977-6274-51-8 | ||
| 040 |
_aJO-AjNU _bara _erda _cJO-AjNU |
||
| 041 | _aara | ||
| 050 | 1 | 4 | _aHB71.M32.2009 |
| 100 | 3 |
_aالنصر،محمد/فتحي السروجي, _eauthor _933810 |
|
| 245 | 0 | 0 | _aمبادىء الاقتصاد1 |
| 264 | 3 | 1 | _aالقاهرة:الشركة العربية المتحدة للتسويق والتوريدات |
| 300 | _a472ص | ||
| 336 |
_atext _btxt _2rdacontent |
||
| 337 |
_aunmediated _bn _2rdamedia |
||
| 338 |
_avolume _bnc _2rdacarrier |
||
| 650 | 4 |
_aالاقتصاد _933811 |
|
| 999 |
_aA13799 _c17367 _d17367 |
||